[Event "Team Championship Russia (Rapid, Men)"]
[Site "Sochi"]
[Date "2018.10.08"]
[Round "2.26"]
[White "Nuristani, Iman"]
[Black "Dilmukhametov, Artur"]
[Result "1/2-1/2"]
[BlackElo "2332"]
[WhiteElo "2223"]
[LiveChessVersion "1.4.8"]

1. d4 {[%clk 0:15:18]} d5 {[%clk 0:15:14]} 2. c4 {[%clk 0:15:26]} c6
{[%clk 0:15:22]} 3. cxd5 {[%clk 0:15:35]} cxd5 {[%clk 0:15:30]} 4. Bg5
{[%clk 0:15:43]} Qb6 {[%clk 0:15:26]} 5. Nc3 {[%clk 0:15:50]} e6 {[%clk 0:15:31]}
6. Qd2 {[%clk 0:15:17]} Nf6 {[%clk 0:15:13]} 7. Bxf6 {[%clk 0:15:22]} gxf6
{[%clk 0:15:22]} 8. e3 {[%clk 0:14:54]} Nc6 {[%clk 0:13:43]} 9. Nf3
{[%clk 0:13:55]} Bd7 {[%clk 0:12:27]} 10. Bd3 {[%clk 0:12:53]} Na5
{[%clk 0:11:42]} 11. Qe2 {[%clk 0:10:35]} Nc4 {[%clk 0:09:57]} 12. Bxc4
{[%clk 0:09:10]} dxc4 {[%clk 0:10:05]} 13. O-O {[%clk 0:09:18]} Rc8
{[%clk 0:08:26]} 14. e4 {[%clk 0:09:18]} Bg7 {[%clk 0:07:39]} 15. e5
{[%clk 0:05:44]} O-O {[%clk 0:06:28]} 16. Ne4 {[%clk 0:05:05]} fxe5
{[%clk 0:06:33]} 17. dxe5 {[%clk 0:05:11]} Bc6 {[%clk 0:05:40]} 18. Ng3
{[%clk 0:03:13]} Bxf3 {[%clk 0:03:04]} 19. gxf3 {[%clk 0:03:22]} Qd4
{[%clk 0:03:02]} 20. Rfe1 {[%clk 0:01:42]} Rc5 {[%clk 0:03:03]} 21. Qe4
{[%clk 0:01:00]} Rxe5 {[%clk 0:01:25]} 22. Qxb7 {[%clk 0:01:09]} Rxe1+
{[%clk 0:01:34]} 23. Rxe1 {[%clk 0:01:18]} Qxb2 {[%clk 0:01:42]} 24. Qc6
{[%clk 0:00:53]} Qxa2 {[%clk 0:01:14]} 25. Ne4 {[%clk 0:00:59]} Qb3
{[%clk 0:00:23]} 26. Kg2 {[%clk 0:01:04]} c3 {[%clk 0:00:27]} 27. Re3
{[%clk 0:00:50]} Qd5 {[%clk 0:00:26]} 28. Qc7 {[%clk 0:00:59]} Kh8
{[%clk 0:00:22]} 29. Nxc3 {[%clk 0:01:05]} Qg5+ {[%clk 0:00:29]} 30. Kh1
{[%clk 0:01:01]} Bd4 {[%clk 0:00:37]} 31. Ne4 {[%clk 0:01:03]} Qf5
{[%clk 0:00:31]} 32. Qd6 {[%clk 0:01:07]} Bg7 {[%clk 0:00:36]} 33. Ng3
{[%clk 0:01:15]} Qb5 {[%clk 0:00:36]} 34. Kg2 {[%clk 0:01:23]} h5
{[%clk 0:00:36]} 35. Rc3 {[%clk 0:01:17]} Qg5 {[%clk 0:00:24]} 36. Rc5
{[%clk 0:01:25]} e5 {[%clk 0:00:34]} 37. h4 {[%clk 0:01:28]} Qxh4
{[%clk 0:00:35]} 38. Rxe5 {[%clk 0:01:36]} f5 {[%clk 0:00:14]} 39. Re7
{[%clk 0:00:33]} Qg5 {[%clk 0:00:20]} 40. Re6 {[%clk 0:00:36]} Rf6
{[%clk 0:00:17]} 41. Rxf6 {[%clk 0:00:44]} Bxf6 {[%clk 0:00:26]} 42. Qf8+
{[%clk 0:00:53]} Kh7 {[%clk 0:00:34]} 43. Qf7+ {[%clk 0:01:02]} Bg7
{[%clk 0:00:41]} 44. Kh2 {[%clk 0:00:25]} Qh4+ {[%clk 0:00:38]} 45. Kg2
{[%clk 0:00:34]} Qg5 {[%clk 0:00:45]} 46. Kh2 {[%clk 0:00:43]} Qg6
{[%clk 0:00:43]} 47. Qxa7 {[%clk 0:00:35]} h4 {[%clk 0:00:51]} 48. Ne2
{[%clk 0:00:43]} Qd6+ {[%clk 0:00:24]} 49. Kg2 {[%clk 0:00:46]} Qd1
{[%clk 0:00:15]} 50. Ng1 {[%clk 0:00:46]} Qd6 {[%clk 0:00:14]} 51. Nh3
{[%clk 0:00:47]} Qg6+ {[%clk 0:00:20]} 52. Kh2 {[%clk 0:00:52]} Qd6+
{[%clk 0:00:28]} 53. Kg2 {[%clk 0:01:01]} Kg6 {[%clk 0:00:35]} 54. Qe3
{[%clk 0:01:07]} Bh6 {[%clk 0:00:43]} 55. Qe8+ {[%clk 0:01:15]} Kf6
{[%clk 0:00:49]} 56. Qh5 {[%clk 0:01:22]} Qd2 {[%clk 0:00:28]} 57. Qxh4+ Ke6
{[%clk 0:00:30]} 58. Qh5 {[%clk 0:01:22]} Kf6 {[%clk 0:00:30]} 59. Qh4+
{[%clk 0:01:23]} Kg6 {[%clk 0:00:33]} 60. Qc4 {[%clk 0:01:29]} Qd8
{[%clk 0:00:38]} 61. Qe6+ {[%clk 0:01:32]} Qf6 {[%clk 0:00:47]} 62. Qxf6+
{[%clk 0:01:39]} Kxf6 {[%clk 0:00:56]} 63. f4 {[%clk 0:01:47]} Ke6
{[%clk 0:00:38]} 64. Kf3 {[%clk 0:01:54]} Kd5 {[%clk 0:00:28]} 65. Ng5
{[%clk 0:02:03]} Bg7 {[%clk 0:00:37]} 66. Nf7 {[%clk 0:02:04]} Bd4
{[%clk 0:00:45]} 67. Ng5 {[%clk 0:02:07]} Bc5 {[%clk 0:00:52]} 68. Nh3
{[%clk 0:02:15]} Bd4 {[%clk 0:00:59]} 69. Ng1 {[%clk 0:02:24]} Bf6
{[%clk 0:01:04]} 70. Ne2 {[%clk 0:02:33]} Ke6 {[%clk 0:01:05]} 71. Ke3
{[%clk 0:02:38]} Kd5 {[%clk 0:01:12]} 72. Ng3 {[%clk 0:02:39]} Bd4+
{[%clk 0:01:16]} 73. Kf3 {[%clk 0:02:44]} Ke6 {[%clk 0:01:24]} 74. Ne2
{[%clk 0:02:39]} Ke5 1/2-1/2

[Event "Team Championship Russia (Rapid, Men)"]
[Site "Sochi"]
[Date "2018.10.08"]
[Round "2.27"]
[White "Inozemtsev, Sergei"]
[Black "Rozhko, Dmitry"]
[Result "1/2-1/2"]
[BlackElo "2281"]
[WhiteElo "2348"]
[LiveChessVersion "1.4.8"]

1. e4 {[%clk 0:15:17]} e6 {[%clk 0:15:19]} 2. d3 {[%clk 0:15:00]} d5
{[%clk 0:15:27]} 3. Qe2 {[%clk 0:15:07]} Be7 {[%clk 0:15:11]} 4. Nf3
{[%clk 0:15:10]} b6 {[%clk 0:15:17]} 5. Nc3 {[%clk 0:14:15]} Bb7 {[%clk 0:15:22]}
6. g3 {[%clk 0:14:21]} dxe4 {[%clk 0:15:24]} 7. Nxe4 {[%clk 0:14:22]} Nf6
{[%clk 0:15:24]} 8. Nxf6+ {[%clk 0:13:18]} Bxf6 {[%clk 0:15:29]} 9. Bg2
{[%clk 0:13:26]} O-O {[%clk 0:15:26]} 10. O-O {[%clk 0:13:32]} Nd7
{[%clk 0:15:30]} 11. d4 {[%clk 0:12:34]} c5 {[%clk 0:15:20]} 12. dxc5
{[%clk 0:12:31]} Nxc5 {[%clk 0:15:19]} 13. Rd1 {[%clk 0:12:38]} Qe7
{[%clk 0:14:14]} 14. c3 {[%clk 0:11:18]} Rfd8 {[%clk 0:13:49]} 15. Be3
{[%clk 0:11:20]} e5 {[%clk 0:12:21]} 16. Qb5 {[%clk 0:08:05]} Qc7
{[%clk 0:10:19]} 17. Bxc5 {[%clk 0:07:55]} bxc5 {[%clk 0:10:17]} 18. Qe2
{[%clk 0:07:29]} Rab8 {[%clk 0:09:34]} 19. Rxd8+ {[%clk 0:07:19]} Rxd8
{[%clk 0:09:35]} 20. Nd2 {[%clk 0:06:39]} Bxg2 {[%clk 0:09:24]} 21. Kxg2
{[%clk 0:06:18]} Qb7+ {[%clk 0:09:33]} 22. Ne4 {[%clk 0:06:05]} Be7
{[%clk 0:09:36]} 23. f3 {[%clk 0:06:06]} f5 {[%clk 0:09:25]} 24. Nf2
{[%clk 0:06:09]} Bf6 {[%clk 0:08:07]} 25. Qc2 {[%clk 0:06:01]} g6
{[%clk 0:08:06]} 26. Qb3+ {[%clk 0:06:03]} Qxb3 {[%clk 0:08:14]} 27. axb3
{[%clk 0:06:12]} Rd2 {[%clk 0:08:02]} 28. Rxa7 {[%clk 0:05:01]} Rxb2
{[%clk 0:07:16]} 29. Rc7 {[%clk 0:04:18]} e4 {[%clk 0:07:08]} 30. fxe4
{[%clk 0:04:26]} Bxc3 {[%clk 0:05:57]} 31. Kf1 {[%clk 0:04:08]} Bd4
{[%clk 0:05:21]} 32. Nd3 {[%clk 0:04:09]} Rb1+ {[%clk 0:05:05]} 33. Ke2
{[%clk 0:04:10]} fxe4 {[%clk 0:05:13]} 34. Nxc5 {[%clk 0:04:12]} Rb2+
{[%clk 0:05:13]} 35. Kf1 {[%clk 0:04:07]} e3 {[%clk 0:04:32]} 36. Nd3
{[%clk 0:02:41]} Rd2 {[%clk 0:04:29]} 37. Nf4 {[%clk 0:02:19]} Rxh2
{[%clk 0:04:26]} 38. Rc4 {[%clk 0:02:02]} Rd2 {[%clk 0:02:53]} 39. Ne2
{[%clk 0:02:08]} Be5 {[%clk 0:02:51]} 40. Re4 {[%clk 0:02:14]} Bd6
{[%clk 0:02:36]} 41. Rxe3 {[%clk 0:02:21]} Kf7 {[%clk 0:02:32]} 42. Ke1
{[%clk 0:02:15]} Rb2 {[%clk 0:02:36]} 43. Rd3 {[%clk 0:02:23]} Bb4+
{[%clk 0:02:42]} 44. Kf2 {[%clk 0:02:31]} Kf6 {[%clk 0:02:45]} 45. Kf3
{[%clk 0:02:39]} g5 {[%clk 0:02:34]} 46. g4 {[%clk 0:02:44]} Rb1 {[%clk 0:02:37]}
47. Ng3 {[%clk 0:02:50]} Ke5 {[%clk 0:02:27]} 48. Re3+ {[%clk 0:02:44]} Kd5
{[%clk 0:02:29]} 49. Rd3+ {[%clk 0:02:11]} Ke5 {[%clk 0:02:32]} 50. Re3+
{[%clk 0:02:01]} Kd5 {[%clk 0:02:36]} 51. Rd3+ {[%clk 0:02:09]} Kc6
{[%clk 0:02:19]} 52. Re3 {[%clk 0:01:25]} Bd2 {[%clk 0:02:04]} 53. Rd3
{[%clk 0:01:29]} Bf4 {[%clk 0:02:01]} 54. Nh5 {[%clk 0:01:35]} Be5
{[%clk 0:01:53]} 55. Ke4 {[%clk 0:01:42]} Bd6 {[%clk 0:01:30]} 56. Kf5
{[%clk 0:01:44]} h6 {[%clk 0:01:36]} 57. Kg6 {[%clk 0:01:51]} Rg1
{[%clk 0:01:42]} 58. Nf6 {[%clk 0:01:43]} Be5 {[%clk 0:01:40]} 59. Nd7
{[%clk 0:01:07]} Bb2 {[%clk 0:01:28]} 60. Kh5 {[%clk 0:01:03]} Rh1+
{[%clk 0:01:24]} 61. Kg6 {[%clk 0:01:12]} Rg1 {[%clk 0:01:26]} 62. Kh5
{[%clk 0:01:17]} Rh1+ {[%clk 0:01:20]} 63. Kg6 {[%clk 0:01:26]} Rh4
{[%clk 0:01:26]} 64. Kf5 {[%clk 0:01:29]} Rh1 {[%clk 0:01:27]} 65. Kg6
{[%clk 0:01:24]} Rh4 {[%clk 0:01:23]} 66. Kf5 {[%clk 0:01:32]} Rh1
{[%clk 0:01:30]} 67. Kg6 {[%clk 0:01:41]} Rg1 {[%clk 0:01:37]} 68. Kh5
{[%clk 0:01:49]} Rh1+ {[%clk 0:01:44]} 69. Kg6 {[%clk 0:01:58]} Rh4
{[%clk 0:01:45]} 70. Kf5 {[%clk 0:02:07]} Rh2 {[%clk 0:01:32]} 71. Kg6
{[%clk 0:02:10]} Rh4 {[%clk 0:01:33]} 1/2-1/2

[Event "Team Championship Russia (Rapid, Men)"]
[Site "Sochi"]
[Date "2018.10.08"]
[Round "2.28"]
[White "Nechaev, Oleg"]
[Black "Pogromsky, Mikhail"]
[Result "1-0"]
[BlackElo "2462"]
[WhiteElo "2290"]
[LiveChessVersion "1.4.8"]

1. d4 {[%clk 0:15:07]} Nf6 {[%clk 0:15:17]} 2. Bg5 {[%clk 0:15:14]} b6
{[%clk 0:15:11]} 3. Nd2 {[%clk 0:15:18]} Bb7 {[%clk 0:15:18]} 4. e3
{[%clk 0:15:25]} g6 {[%clk 0:15:18]} 5. Bxf6 {[%clk 0:15:20]} exf6
{[%clk 0:15:26]} 6. h4 {[%clk 0:15:28]} h5 {[%clk 0:15:19]} 7. c3
{[%clk 0:15:27]} f5 {[%clk 0:15:02]} 8. Qb3 {[%clk 0:11:42]} Bh6 {[%clk 0:14:54]}
9. Ngf3 {[%clk 0:10:45]} Qe7 {[%clk 0:12:57]} 10. Bd3 {[%clk 0:10:31]} d6
{[%clk 0:12:13]} 11. O-O-O {[%clk 0:10:31]} Nd7 {[%clk 0:12:06]} 12. Kb1
{[%clk 0:10:38]} Nf6 {[%clk 0:12:04]} 13. Rhe1 {[%clk 0:10:45]} Ne4
{[%clk 0:11:43]} 14. Re2 {[%clk 0:08:59]} O-O {[%clk 0:11:40]} 15. g3
{[%clk 0:08:42]} a6 {[%clk 0:11:34]} 16. Bc2 {[%clk 0:08:29]} b5 {[%clk 0:11:32]}
17. Nxe4 {[%clk 0:08:03]} Bxe4 {[%clk 0:10:34]} 18. Ne1 {[%clk 0:06:22]} Bb7
{[%clk 0:10:20]} 19. Red2 {[%clk 0:05:50]} Rfd8 {[%clk 0:09:20]} 20. d5
{[%clk 0:05:27]} Bc8 {[%clk 0:08:52]} 21. Nf3 {[%clk 0:05:23]} Bd7
{[%clk 0:08:39]} 22. Nd4 {[%clk 0:05:05]} Rdb8 {[%clk 0:08:31]} 23. Nc6
{[%clk 0:04:21]} Bxc6 {[%clk 0:08:37]} 24. dxc6 {[%clk 0:04:30]} a5
{[%clk 0:08:15]} 25. Qd5 {[%clk 0:04:30]} b4 {[%clk 0:08:15]} 26. c4
{[%clk 0:03:37]} a4 {[%clk 0:08:19]} 27. c5 {[%clk 0:03:46]} dxc5
{[%clk 0:08:11]} 28. Qd7 {[%clk 0:02:29]} Qf6 {[%clk 0:08:08]} 29. Bd3
{[%clk 0:02:24]} Rd8 {[%clk 0:04:52]} 30. Qxc7 {[%clk 0:02:31]} Rac8
{[%clk 0:04:48]} 31. Qa7 {[%clk 0:02:06]} Rxc6 {[%clk 0:04:11]} 32. Bb5
{[%clk 0:01:53]} Rxd2 {[%clk 0:03:57]} 33. Rxd2 {[%clk 0:02:02]} Rc8
{[%clk 0:04:01]} 34. Qxa4 {[%clk 0:01:56]} Bg7 {[%clk 0:03:58]} 35. Qa6
{[%clk 0:01:51]} Rd8 {[%clk 0:02:28]} 36. Qxf6 {[%clk 0:01:59]} Bxf6
{[%clk 0:02:47]} 37. Rxd8+ {[%clk 0:02:05]} Bxd8 {[%clk 0:02:56]} 38. Kc2
{[%clk 0:02:14]} Kf8 {[%clk 0:02:59]} 39. Kb3 {[%clk 0:02:05]} Ke7
{[%clk 0:03:01]} 40. Bc4 {[%clk 0:01:58]} Bc7 {[%clk 0:03:05]} 41. Bd5
{[%clk 0:01:55]} Be5 {[%clk 0:03:09]} 42. a4 {[%clk 0:01:36]} bxa3
{[%clk 0:03:09]} 43. bxa3 {[%clk 0:01:44]} Bc7 {[%clk 0:02:21]} 44. Ka4
{[%clk 0:01:53]} f6 {[%clk 0:01:58]} 45. Kb5 {[%clk 0:01:58]} c4 {[%clk 0:02:01]}
46. Bxc4 {[%clk 0:01:59]} Bb8 {[%clk 0:02:01]} 47. a4 {[%clk 0:01:44]} Kd7
{[%clk 0:01:49]} 48. Bf7 {[%clk 0:01:44]} g5 {[%clk 0:01:59]} 49. Bxh5
{[%clk 0:01:51]} gxh4 {[%clk 0:02:01]} 50. gxh4 {[%clk 0:02:00]} Bh2
{[%clk 0:02:02]} 51. Bg6 {[%clk 0:01:54]} f4 {[%clk 0:01:32]} 52. h5
{[%clk 0:01:50]} Ke7 {[%clk 0:01:23]} 53. h6 {[%clk 0:01:49]} Kf8
{[%clk 0:01:33]} 54. h7 {[%clk 0:01:53]} Kg7 {[%clk 0:01:42]} 55. exf4
{[%clk 0:01:41]} Bxf4 {[%clk 0:01:48]} 56. a5 {[%clk 0:01:45]} Be5
{[%clk 0:01:34]} 57. Bf5 {[%clk 0:01:38]} Bd4 {[%clk 0:00:43]} 58. f3
{[%clk 0:01:46]} Kh8 {[%clk 0:00:42]} 59. a6 {[%clk 0:01:53]} Kg7
{[%clk 0:00:51]} 60. Kc6 {[%clk 0:02:01]} 1-0

[Event "Team Championship Russia (Rapid, Men)"]
[Site "Sochi"]
[Date "2018.10.08"]
[Round "3.1"]
[White "Malakhov, Vladimir"]
[Black "Nepomniachtchi, Ian"]
[Result "1/2-1/2"]
[BlackElo "2766"]
[WhiteElo "2648"]
[LiveChessVersion "1.4.8"]

1. Nf3 {[%clk 0:15:17]} c5 {[%clk 0:15:09]} 2. c4 {[%clk 0:15:23]} Nc6
{[%clk 0:15:11]} 3. d4 {[%clk 0:15:28]} cxd4 {[%clk 0:15:16]} 4. Nxd4
{[%clk 0:15:36]} Nf6 {[%clk 0:15:15]} 5. Nc3 {[%clk 0:15:44]} e6 {[%clk 0:15:24]}
6. a3 {[%clk 0:15:51]} Bc5 {[%clk 0:15:29]} 7. Nb3 {[%clk 0:15:58]} Be7
{[%clk 0:15:33]} 8. e4 {[%clk 0:15:48]} b6 {[%clk 0:15:41]} 9. Be2
{[%clk 0:15:22]} Bb7 {[%clk 0:15:48]} 10. O-O {[%clk 0:15:28]} Qc7
{[%clk 0:15:41]} 11. Be3 {[%clk 0:15:09]} O-O {[%clk 0:15:33]} 12. Rc1
{[%clk 0:15:02]} Rad8 {[%clk 0:15:36]} 13. c5 {[%clk 0:13:34]} Ba8
{[%clk 0:14:52]} 14. cxb6 {[%clk 0:12:47]} axb6 {[%clk 0:15:00]} 15. Nd4
{[%clk 0:11:48]} Qb8 {[%clk 0:14:54]} 16. Ndb5 {[%clk 0:11:26]} d5
{[%clk 0:11:33]} 17. exd5 {[%clk 0:11:27]} exd5 {[%clk 0:10:44]} 18. Nd4
{[%clk 0:10:55]} Nxd4 {[%clk 0:10:42]} 19. Bxd4 {[%clk 0:10:58]} Ne4
{[%clk 0:10:47]} 20. Nb5 {[%clk 0:08:38]} Nc5 {[%clk 0:10:26]} 21. Re1
{[%clk 0:08:15]} Ne6 {[%clk 0:10:08]} 22. Bf3 {[%clk 0:07:34]} Nxd4
{[%clk 0:10:15]} 23. Nxd4 {[%clk 0:07:42]} Bf6 {[%clk 0:10:21]} 24. Qd2
{[%clk 0:07:43]} Qd6 {[%clk 0:09:15]} 25. g3 {[%clk 0:07:39]} g6 {[%clk 0:09:18]}
26. b4 {[%clk 0:06:26]} Rc8 {[%clk 0:09:11]} 27. Rxc8 {[%clk 0:06:12]} Rxc8
{[%clk 0:09:19]} 28. Rd1 {[%clk 0:06:04]} Qe5 {[%clk 0:08:45]} 29. Kg2
{[%clk 0:05:51]} Bb7 {[%clk 0:08:20]} 30. h4 {[%clk 0:04:22]} h5 {[%clk 0:06:46]}
31. Ne2 {[%clk 0:03:14]} Ra8 {[%clk 0:05:06]} 32. Nf4 {[%clk 0:02:10]} Rxa3
{[%clk 0:05:13]} 33. Bxd5 {[%clk 0:02:11]} Bxd5+ {[%clk 0:05:03]} 34. Qxd5
{[%clk 0:02:19]} Kg7 {[%clk 0:04:55]} 35. Qxe5 {[%clk 0:02:05]} Bxe5
{[%clk 0:05:04]} 36. Nd5 {[%clk 0:02:14]} b5 {[%clk 0:04:44]} 37. Ne3
{[%clk 0:01:01]} Bc3 {[%clk 0:04:37]} 38. Rd5 {[%clk 0:01:09]} Ra2
{[%clk 0:04:46]} 39. Kf1 {[%clk 0:01:04]} Ra1+ {[%clk 0:04:53]} 40. Kg2
{[%clk 0:01:12]} Ra2 {[%clk 0:04:05]} 41. Kf1 {[%clk 0:01:20]} Bxb4
{[%clk 0:03:44]} 42. Rxb5 {[%clk 0:01:28]} Bc3 {[%clk 0:03:48]} 43. Rd5
{[%clk 0:01:27]} Kf6 {[%clk 0:03:30]} 44. Rd3 {[%clk 0:01:30]} Be5
{[%clk 0:03:03]} 45. Nc4 {[%clk 0:01:18]} Bb8 {[%clk 0:03:09]} 46. Rd2
{[%clk 0:01:23]} Ra4 {[%clk 0:03:16]} 47. Nb6 {[%clk 0:01:28]} Ra1+
{[%clk 0:03:25]} 48. Kg2 {[%clk 0:01:37]} Ba7 {[%clk 0:03:34]} 49. Nd5+
{[%clk 0:01:41]} Ke5 {[%clk 0:03:22]} 50. Nf4 {[%clk 0:01:49]} Ra5
{[%clk 0:03:07]} 51. Rd7 {[%clk 0:01:36]} Kf6 {[%clk 0:03:06]} 52. Rd2
{[%clk 0:01:30]} Bb8 {[%clk 0:03:14]} 53. Nh3 {[%clk 0:01:26]} Ke7
{[%clk 0:02:52]} 54. Re2+ {[%clk 0:01:21]} Kf8 {[%clk 0:03:01]} 55. Rd2
{[%clk 0:01:20]} Ba7 {[%clk 0:02:03]} 56. Ng5 {[%clk 0:01:21]} Rf5
{[%clk 0:02:00]} 57. Ra2 {[%clk 0:01:05]} Bc5 {[%clk 0:02:06]} 58. f4
{[%clk 0:01:04]} Rd5 {[%clk 0:01:17]} 59. Rb2 {[%clk 0:01:10]} Rd7
{[%clk 0:01:21]} 60. Nf3 {[%clk 0:00:59]} Kg7 {[%clk 0:01:27]} 61. Rb5
{[%clk 0:01:06]} Rc7 {[%clk 0:01:31]} 62. Rb2 {[%clk 0:01:02]} Kf6
{[%clk 0:01:35]} 63. Rc2 {[%clk 0:01:09]} Bd6 {[%clk 0:01:07]} 64. Rxc7
{[%clk 0:01:17]} Bxc7 {[%clk 0:01:17]} 65. Ng5 {[%clk 0:01:22]} Ba5
{[%clk 0:01:23]} 1/2-1/2

[Event "Team Championship Russia (Rapid, Men)"]
[Site "Sochi"]
[Date "2018.10.08"]
[Round "3.2"]
[White "Paravyan, David"]
[Black "Grachev, Boris"]
[Result "0-1"]
[BlackElo "2667"]
[WhiteElo "2630"]
[LiveChessVersion "1.4.8"]

1. e4 {[%clk 0:15:18]} c5 {[%clk 0:15:19]} 2. Nf3 {[%clk 0:15:27]} e6
{[%clk 0:15:28]} 3. d4 {[%clk 0:15:36]} cxd4 {[%clk 0:15:37]} 4. Nxd4
{[%clk 0:15:45]} Nc6 {[%clk 0:15:46]} 5. c3 {[%clk 0:15:54]} Qc7 {[%clk 0:14:52]}
6. g3 {[%clk 0:16:03]} a6 {[%clk 0:14:22]} 7. Bg2 {[%clk 0:16:12]} Nf6
{[%clk 0:14:30]} 8. O-O {[%clk 0:16:21]} Be7 {[%clk 0:14:28]} 9. c4
{[%clk 0:16:23]} d6 {[%clk 0:13:18]} 10. Nc3 {[%clk 0:16:13]} O-O
{[%clk 0:13:17]} 11. b3 {[%clk 0:15:39]} Bd7 {[%clk 0:12:36]} 12. Be3
{[%clk 0:15:32]} Nxd4 {[%clk 0:12:30]} 13. Bxd4 {[%clk 0:15:37]} Bc6
{[%clk 0:12:21]} 14. Rc1 {[%clk 0:15:41]} Qa5 {[%clk 0:11:52]} 15. Re1
{[%clk 0:15:44]} Rac8 {[%clk 0:11:16]} 16. Nd5 {[%clk 0:14:41]} Bxd5
{[%clk 0:11:05]} 17. exd5 {[%clk 0:14:47]} e5 {[%clk 0:11:12]} 18. Bc3
{[%clk 0:14:56]} Qb6 {[%clk 0:11:02]} 19. Qd2 {[%clk 0:14:52]} Nd7
{[%clk 0:10:42]} 20. Bh3 {[%clk 0:10:29]} f5 {[%clk 0:10:41]} 21. Rcd1
{[%clk 0:10:38]} Qd8 {[%clk 0:10:01]} 22. Qb2 {[%clk 0:09:01]} g6
{[%clk 0:09:17]} 23. Re2 {[%clk 0:09:09]} Bf6 {[%clk 0:09:10]} 24. f3
{[%clk 0:07:43]} b5 {[%clk 0:07:36]} 25. cxb5 {[%clk 0:07:29]} axb5
{[%clk 0:07:39]} 26. Qd2 {[%clk 0:06:52]} Qb6+ {[%clk 0:06:51]} 27. Kh1
{[%clk 0:07:00]} Bg7 {[%clk 0:05:05]} 28. g4 {[%clk 0:06:37]} Qd8
{[%clk 0:04:17]} 29. Qe1 {[%clk 0:05:10]} Rxc3 {[%clk 0:03:21]} 30. Qxc3
{[%clk 0:05:18]} e4 {[%clk 0:03:30]} 31. Qe3 {[%clk 0:04:20]} exf3
{[%clk 0:03:37]} 32. Rf2 {[%clk 0:03:31]} Ne5 {[%clk 0:03:19]} 33. gxf5
{[%clk 0:03:29]} Qh4 {[%clk 0:03:27]} 34. Rxf3 {[%clk 0:03:17]} Nxf3
{[%clk 0:03:11]} 35. Qxf3 {[%clk 0:03:24]} Be5 {[%clk 0:03:18]} 36. Rf1
{[%clk 0:03:00]} Rxf5 {[%clk 0:03:18]} 37. Qg2 {[%clk 0:01:38]} Rxf1+
{[%clk 0:03:13]} 38. Qxf1 {[%clk 0:01:47]} Kg7 {[%clk 0:03:17]} 39. Qf3
{[%clk 0:01:31]} b4 {[%clk 0:03:08]} 40. Qe3 {[%clk 0:01:06]} Bd4
{[%clk 0:02:36]} 41. Qf3 {[%clk 0:00:51]} Qg5 {[%clk 0:02:10]} 42. Bg2
{[%clk 0:00:55]} Qc1+ {[%clk 0:02:09]} 43. Bf1 {[%clk 0:00:52]} Be5
{[%clk 0:01:54]} 44. Qh3 {[%clk 0:00:47]} h5 {[%clk 0:01:03]} 45. Qf3
{[%clk 0:00:22]} Qd2 {[%clk 0:01:03]} 46. Qg2 {[%clk 0:00:24]} Qe3
{[%clk 0:00:55]} 47. Qe2 {[%clk 0:00:23]} Qf4 {[%clk 0:00:58]} 48. Qg2
{[%clk 0:00:27]} g5 {[%clk 0:00:51]} 49. Qe2 {[%clk 0:00:12]} g4 {[%clk 0:00:36]}
50. Qg2 {[%clk 0:00:14]} Kh6 {[%clk 0:00:43]} 51. Qe2 {[%clk 0:00:17]} Kg5
{[%clk 0:00:40]} 52. Qg2 {[%clk 0:00:17]} Kf6 {[%clk 0:00:27]} 53. Qe2
{[%clk 0:00:25]} Kg7 {[%clk 0:00:27]} 54. Qg2 {[%clk 0:00:34]} Kh6
{[%clk 0:00:36]} 55. Qe2 {[%clk 0:00:44]} h4 {[%clk 0:00:20]} 56. h3
{[%clk 0:00:44]} Qf3+ {[%clk 0:00:17]} 57. Qg2 {[%clk 0:00:53]} Kg5
{[%clk 0:00:15]} 58. hxg4 {[%clk 0:00:26]} Qf4 {[%clk 0:00:19]} 59. Bc4
{[%clk 0:00:12]} Qe3 {[%clk 0:00:20]} 60. Bf1 {[%clk 0:00:12]} Bd4
{[%clk 0:00:22]} 61. Qh2 {[%clk 0:00:11]} Qf3+ {[%clk 0:00:22]} 62. Qg2
{[%clk 0:00:18]} Qe3 {[%clk 0:00:31]} 63. Qh2 {[%clk 0:00:23]} h3
{[%clk 0:00:21]} 64. Bxh3 {[%clk 0:00:31]} Qe1+ {[%clk 0:00:22]} 65. Kg2
{[%clk 0:00:40]} Qe4+ {[%clk 0:00:24]} 66. Kf1 {[%clk 0:00:49]} Qf3+
{[%clk 0:00:33]} 0-1

[Event "Team Championship Russia (Rapid, Men)"]
[Site "Sochi"]
[Date "2018.10.08"]
[Round "3.3"]
[White "Kobalia, Mikhail"]
[Black "Yuffa, Daniil"]
[Result "1-0"]
[BlackElo "2625"]
[WhiteElo "2617"]
[LiveChessVersion "1.4.8"]

1. e4 {[%clk 0:15:19]} c6 {[%clk 0:15:17]} 2. d4 {[%clk 0:15:27]} d5
{[%clk 0:15:26]} 3. exd5 {[%clk 0:15:36]} cxd5 {[%clk 0:15:35]} 4. Bd3
{[%clk 0:15:45]} Nc6 {[%clk 0:15:43]} 5. c3 {[%clk 0:15:54]} Nf6 {[%clk 0:15:48]}
6. Bf4 {[%clk 0:16:01]} Bg4 {[%clk 0:15:52]} 7. Qb3 {[%clk 0:16:10]} Qc8
{[%clk 0:15:56]} 8. Nd2 {[%clk 0:16:18]} e6 {[%clk 0:15:56]} 9. Ngf3
{[%clk 0:16:27]} Be7 {[%clk 0:16:01]} 10. O-O {[%clk 0:16:34]} O-O
{[%clk 0:16:08]} 11. Rae1 {[%clk 0:16:16]} Bh5 {[%clk 0:15:41]} 12. Qc2
{[%clk 0:16:17]} Bg6 {[%clk 0:15:20]} 13. Bxg6 {[%clk 0:16:25]} hxg6
{[%clk 0:15:28]} 14. Qd3 {[%clk 0:16:34]} Nh5 {[%clk 0:15:05]} 15. Bg5
{[%clk 0:16:14]} b5 {[%clk 0:13:54]} 16. Bxe7 {[%clk 0:15:54]} Nxe7
{[%clk 0:14:03]} 17. Ng5 {[%clk 0:16:01]} Nc6 {[%clk 0:10:23]} 18. Qh3
{[%clk 0:15:42]} e5 {[%clk 0:07:42]} 19. dxe5 {[%clk 0:14:33]} f6
{[%clk 0:06:11]} 20. Qe6+ {[%clk 0:12:33]} Qxe6 {[%clk 0:05:20]} 21. Nxe6
{[%clk 0:12:42]} Rf7 {[%clk 0:05:29]} 22. Nf3 {[%clk 0:10:34]} Re8
{[%clk 0:05:18]} 23. exf6 {[%clk 0:10:27]} gxf6 {[%clk 0:04:42]} 24. Ned4
{[%clk 0:10:06]} Ne5 {[%clk 0:04:07]} 25. Re3 {[%clk 0:09:41]} Nxf3+
{[%clk 0:03:12]} 26. Rxf3 {[%clk 0:09:38]} a6 {[%clk 0:02:59]} 27. g3
{[%clk 0:09:25]} f5 {[%clk 0:02:57]} 28. Ra1 {[%clk 0:08:16]} Re4
{[%clk 0:02:59]} 29. b4 {[%clk 0:08:19]} Rfe7 {[%clk 0:01:47]} 30. Kf1
{[%clk 0:08:03]} Nf6 {[%clk 0:01:56]} 31. Rd3 {[%clk 0:07:52]} Ng4
{[%clk 0:01:08]} 32. f3 {[%clk 0:07:34]} Re3 {[%clk 0:00:52]} 33. Rxe3
{[%clk 0:07:01]} Nxe3+ {[%clk 0:01:01]} 34. Kf2 {[%clk 0:07:10]} Nc4
{[%clk 0:00:53]} 35. a4 {[%clk 0:05:38]} bxa4 {[%clk 0:00:56]} 36. Rxa4
{[%clk 0:05:47]} Re3 {[%clk 0:00:43]} 37. b5 {[%clk 0:05:37]} Rxc3
{[%clk 0:00:33]} 38. bxa6 {[%clk 0:05:46]} Nb6 {[%clk 0:00:20]} 39. a7
{[%clk 0:05:54]} Rc8 {[%clk 0:00:12]} 40. Rb4 {[%clk 0:05:57]} Nd7
{[%clk 0:00:21]} 41. Rb7 {[%clk 0:06:02]} 1-0